| 000 | 01119cam a22003377a 4500 | ||
|---|---|---|---|
| 003 | CHAP | ||
| 005 | 20220329143005.0 | ||
| 008 | 050601d2001 us a r 00110 eng d | ||
| 010 | _a90392 | ||
| 011 | _a91364 | ||
| 020 | _a0849323185 | ||
| 035 | _a101922 | ||
| 040 | _cCHAP | ||
| 082 | 0 | 4 |
_a633.2 _bS62 |
| 100 | 0 | 0 |
_aSotomayor-Ríos, Antonio _eed. _9108936 |
| 245 | 1 | 0 |
_aTropical forage plants : _bDevelopment and use _c/ed. by Antonio Sotomayor-Ríos and W.D. Pitman |
| 260 |
_aBoca Raton : _bCRC Press, _c2001. |
||
| 300 |
_a391 p. : _bilus. |
||
| 590 |
_aBATCH-UPD _b10 _c20130110 _lUCH01 _h0551 |
||
| 590 |
_aBATCH-UPD _b10 _c20130410 _lUCH01 _h0232 |
||
| 590 |
_aBATCH-UPD _b10 _c20130914 _lUCH01 _h1132 |
||
| 590 |
_aCONVERSION _b10 _c20130109 _lUCH01 _h1350 |
||
| 650 | 1 | 4 |
_aCultivos tropicales. _930383 |
| 650 | 1 | 4 |
_aPastos _xTrópicos. _986085 |
| 650 | 1 | 4 |
_aPlantas forrajeras _xTrópicos. _988989 |
| 700 | 0 |
_aPitman, William Don. _988588 |
|
| 901 | _aBK | ||
| 905 | _aAlejandra Carrasco M. | ||
| 942 | _cLIBRO | ||
| 949 |
_a633.2 S62 _bBC _cLIBRO _d33724000951661 _eLIBRO _h105704 _i101922 _kI. 224468 _si _t$ 1 945.00 |
||
| 999 |
_c90392 _d90392 |
||